000 00563nam a22001697a 4500
003 OSt
005 20260406122151.0
008 260406b |||||||| |||| 00| 0 eng d
040 _cMRSPTU
041 _aEnglish
100 _aMela Singh, Supervisor: Dr. Ashish Baldi
245 _aSolubility Enhancement Strategies For Improved Bioavailability of Arteether
260 _bDepartment of Pharmacy, MRSPTU, Bathinda
_c2019
650 _aPharmaceutical Sciences and Technology
856 _uhttp://163.47.215.52:8080/jspui/handle/123456789/148
942 _2ddc
_cTH
_n0
999 _c11292
_d11292